MARC details
| 000 -CABECERA |
| campo de control de longitud fija |
02889nab a2200349 a 4500 |
| 005 - FECHA Y HORA DE LA ÚLTIMA TRANSACCIÓN |
| campo de control |
20250930141132.0 |
| 008 - ELEMENTOS DE LONGITUD FIJA--INFORMACIÓN GENERAL |
| campo de control de longitud fija |
991125c2015 sp fr p o 000 0 spa d |
| 035 ## - NÚMERO DE CONTROL DEL SISTEMA |
| Número de control de sistema |
UPN01000207593 |
| 040 ## - FUENTE DE LA CATALOGACIÓN |
| Centro catalogador/agencia de origen |
MX-MxUPN |
| Lengua de catalogación |
spa |
| Centro/agencia transcriptor |
MX-MxUPN |
| Normas de descripción |
aacr2 |
| 049 ## - COLECCIÓN |
| Colección |
ART-E |
| 100 1# - ASIENTO PRINCIPAL--NOMBRE PERSONAL |
| Nombre de persona |
Ramirez Lucas, Ana |
| 100 1# - ASIENTO PRINCIPAL--NOMBRE PERSONAL |
| Filiación |
ana.ramirez.lucas@gmail.com |
| 100 1# - ASIENTO PRINCIPAL--NOMBRE PERSONAL |
| Nombre de persona |
Ferrando, Mercedes |
| 100 1# - ASIENTO PRINCIPAL--NOMBRE PERSONAL |
| Nombre de persona |
Sáinz Gómez, Marta |
| 245 10 - MENCIÓN DE TÍTULO |
| Título |
¿Influyen los estilos parentales y la inteligencia emocional de los padres en el desarrollo emocional de sus hijos escolarizados en 2º ciclo de educación infantil? |
| 336 ## - TIPO DE CONTENIDO |
| Término de tipo de contenido |
texto$2rdacontent |
| 337 ## - TIPO DE MEDIO |
| Nombre/término del tipo de medio |
computadora$2rdamedia |
| 338 ## - TIPO DE SOPORTE |
| Nombre/término del tipo de soporte |
recurso en linea$2rdacarrier |
| 362 0# - FECHAS DE PUBLICACIÓN Y/O DESIGNACIÓN SECUENCIAL |
| Fecha de publicación y/o designación secuencial |
2015 Vol. 12, no. 1 |
| 506 0# - NOTA DE RESTRICCIONES AL ACCESO |
| Limitaciones de acceso |
Acceso abierto |
| 520 3# - NOTA DE RESUMEN, ETC. |
| Sumario, etc. |
La inteligencia emocional se ha relacionado con varias facetas del éxito personal y social como son el bienestar psicológico, el rendimiento académico entre otras. Las emociones y su regulación se aprenden desde la infancia y están influenciadas por el contexto más próximo. El presente trabajo tienen por objetivo estudiar la relación entre los estilos parentales e Inteligencia emocional de los padres y la IE de sus hijos/as en edades tempranas. Han participado un total de 83 niños escolarizados en 2o ciclo de educación infantil; 52 padres y 62 madres. Se han utilizado como medida de la IE de los niños: (a) el Cuestionario de Bar-On y Parker (2002) para observadores que mide las habilidades interpersonales, intrapersonales, manejo del estrés, adaptabilidad y estado de ánimo; (b) Prueba de Percepción y Valoración de las emociones (PERCERVAL, Mestre, et al., 2011). Los adultos cumplimentaron un (a) cuestionario sobre su propia Inteligencia emocional adaptado de Bar-On (1997) y (b) un cuestionario sobre sus estilos parentales adaptado de Robinson, Mandleco, Olsen y Hart (1995) el cual mide la intensidad de dos estilos parentales: el democrático y el autoritario. Los resultados mostraron que el estilo parental se relaciona con la Inteligencia emocional de los padres. Los padres/madres con mayor inteligencia emocional tienden a mostrar un estilo democrático. A su vez, el estilo democrático de los padres/madres correlaciona en mayor medida con la IE de los niños. Se encontró además que dependiendo del estilo parental, los alumnos tienden a desarrollar más unas habilidades emocionales u otras, así, los niños con madres autoritarias tenían mayores habilidades interpersonales. |
| 650 #7 - ASIENTO SECUNDARIO DE MATERIA - TERMINO TEMATICO |
| Término de materia o nombre geográfico como elemento de entrada |
Inteligencia emocional |
| 9 (RLIN) |
1394 |
| 653 0# - TERMINO DE INDIZACION - NO CONTROLADO |
| Término no controlado |
Estilo parental |
| 653 0# - TERMINO DE INDIZACION - NO CONTROLADO |
| Término no controlado |
Desarrollo emocional |
| 653 0# - TERMINO DE INDIZACION - NO CONTROLADO |
| Término no controlado |
Niños |
| 653 0# - TERMINO DE INDIZACION - NO CONTROLADO |
| Término no controlado |
Educación infantil |
| 773 ## - ENLACE AL DOCUMENTO FUENTE/ENTRADA DE REGISTRO ANFITRIÓN |
| Parte(s) relacionada(s) |
Vol. 12, no. 1 (2015), p. 65-78 |
| Título |
Acción psicológica |
| Número Internacional Normalizado para Publicaciones Seriadas |
2255-1271 |
| 856 4# - LOCALIZACIÓN Y ACCESO ELECTRÓNICOS |
| Identificador Uniforme del Recurso |
<a href="https://doi.org/10.5944/ap.12.1.14314">https://doi.org/10.5944/ap.12.1.14314</a> |
| 902 ## - ELEMENTOS DE DATOS B LOCAL, LDB (RLIN) |
| Creó |
Gloria Jiménez/300925 |
| 905 ## - TIPO DE MATERIAL |
| Tipo de material |
Articulo |
| 942 ## - ELEMENTOS DE PUNTO DE ACCESO ADICIONAL (KOHA) |
| Tipo de ítem Koha |
Artículo Electrónico |